01949 a2200157 45000010006000000050017000060080041000230030015000640400040000790800088001192450293002072640043005003000019005435051203005621000026017652549820260407155539.0260407a1967 arg spa dAR-UNSa-BCEJYS aAR-UNSa-BCEJYSbspacAR-UNSa-BCEJYS a657.05xContabilidad de gestión (Contabilidad gerencial, control de gestión...)10aConferencia Interamericana de ContabilidadpSubcomisión de estudio sobre Contabilidad Gerencial. Informe sobre la labor realizada en la República Argenrtina o con participación de la Argentina, desde el comienzo de la VII Conferencia Interamericana de Contabilidad hasta la presente 1aBuenos Aires :bEdiciones Macchic1967 a217 p.c23 cm. a1. Antecedentes - 2. Recomendaciones aprobadas por la VII Conferencia Interamericana de Contabilidad en materia Contabilidad Gerencial - 3. Principales conclusiones de los trabajos presentados a la VII Conferencia Interamericana de Contabilidad - 4. Relevamiento de opiniones sobre Contabilidad Gerencial, efectuado durante la VII Conferencia Interamericana de Contabilidad - 5. Encuesta sobre la Enseñanza de la Contabilidad Gerencial, efectuada en oportunidad de la VII C.I.C. - 6. Jornadas de Contabilidad Gerencial de Rosario - 7. Primer seminario de Contabilidad gerencial de Bahía Blanca - 8. Primer congreso Interamericano de Enseñanza Superior de la Contabilidad - 9. Sexta jornadas Argentina de investigación operativa - 10. Tercera reunión de la asociación argentina para la enseñanza de contabilidad, administración y economía - 11. Congreso nacional de Contadores del Uruguay - 12. Segundo seminario de Contabilidad Gerencial de Bahía Blanca - 13. Actividades cumplidas en Buenos Aires sobre contabilidad gerencial - 14. Trabajos preparados para la VII conferencia interamericana de contabilidad - 15. Trabajos preparados para el IX Congreso mundial de contabilidad.1 aHerrscher, Enrique G.